Harry Potter - Różdżki - Statystyki

Ogólne statystyki
  • Ten quiz został rozwiązany 32 razy
  • Średni wynik to 6 z 42
Statystyki odpowiedzi
Postać Odpowiedź % Poprawnych
Harry Potter pióro feniksa
95%
Harry Potter ostrokrzew
52%
Tom Marvolo Riddle pióro feniksa
43%
Hermiona Granger włókno ze smoczego serca
43%
Harry Potter 11
38%
Ron Wesley włos jednorożca
29%
Tom Marvolo Riddle cis
24%
Lucjusz Malfoy włókno ze smoczego serca
24%
Belatrix Lestrange włókno ze smoczego serca
24%
Dolores Umbridge włókno ze smoczego serca
24%
Draco Malfoy włos jednorożca
24%
Ron Wesley 14
19%
Hermiona Granger winorośl
19%
Minerwa Mcgonagall włókno ze smoczego serca
19%
Remus Lupin włos jednorożca
14%
Draco Malfoy 10
10%
Narcyza Malfoy 14
10%
Albus Dumbledore (Czarna Różdżka) 15
10%
Lucjusz Malfoy 18
10%
Dolores Umbridge 8
10%
Albus Dumbledore(Czarna Różdżka) czarny bez
10%
Lucjusz Malfoy wiąz
10%
Ron Wesley wierzba
10%
Narcyza Malfoy włos jednorożca
10%
Neville Longbottom włos jednorożca
10%
Fleur Delacour włos z głowy wili
10%
Neville Longbottom 13
5%
Tom Marvolo Riddle 13,5
5%
Dolores Umbridge brzoza
5%
Draco Malfoy głóg
5%
Narcyza Malfoy wiąz
5%
Neville Longbottom wiśnia
5%
Remus Lupin 10 i 1/4
0%
Hermiona Granger 10 i 3/4
0%
Belatrix Lestrange 12 i 3/4
0%
Minerwa Mcgonagall 9,5
0%
Fleur Delacour 9,5
0%
Remus Lupin cyprys
0%
Fleur Delacour drzewo różane
0%
Minerwa Mcgonagall jodła
0%
Belatrix Lestrange orzech włoski
0%
Albus Dumbledore (Czarna Różdżka) włos testrali
0%
Nie znaleziono quizów pasujących do podanych kryteriów
Rozkład punktacji
Procent ludzi z każdym wynikiem
Percentyl według liczby udzielonych odpowiedzi
Twoja historia wyników
Nie rozwiązałeś tego quizu